World's Least Obese Countries by Percentage - Statistics

General Stats
  • This quiz has been taken 41 times
  • The average score is 9 of 17
Answer Stats
Percent Obesity (%) Country % Correct
4.4 Democratic Republic of the Congo
71%
4.9 India
66%
4.3 Niger
66%
3.3 Japan
63%
2.4 North Korea
63%
3.6 Vietnam
60%
4.1 Eritrea
57%
4.0 Ethiopia
57%
4.6 Somalia
57%
3.2 Cambodia
54%
2.9 Myanmar
54%
3.3 Nepal
54%
2.6 Burundi
51%
5.1 Central African Republic
51%
4.9 Uganda
51%
2.9 Afghanistan
43%
2.2 Timor-Leste
26%
No matching quizzes found
Score Distribution
Percent of People with Each Score
Percentile by Number Answered
Your Score History
You have not taken this quiz